| 000 | 00435nam a2200181Ia 4500 | ||
|---|---|---|---|
| 001 | 24656 | ||
| 005 | 20260414151058.0 | ||
| 008 | 260414t2010||||xx |||||||||||||| ||spa|| | ||
| 041 | _aESP | ||
| 082 |
_a345.721 _bL36 |
||
| 100 |
_aLedesma Narváez, Marianella _eAUT |
||
| 245 | 0 |
_aJurisdicción y arbitraje _b |
|
| 260 | _c2010 | ||
| 300 |
_a355 páginas : _c24 cm. |
||
| 650 | _aDER | ||
| 654 | _aCDE | ||
| 942 |
_cLIB _dJUS _fJUS _2ddc _n |
||
| 999 |
_c24656 _d24656 |
||